Carpals - Statistics

General Stats
  • This quiz has been taken 27 times
  • The average score is 5 of 8
Answer Stats
Picture Answer % Correct
Lunate
71%
Pisiform
71%
Trapezium
71%
Trapezoid
71%
Triquetrum
57%
Capitate
43%
Hamate
43%
Scaphoid
43%
No matching quizzes found
Score Distribution
Percent of People with Each Score
Percentile by Number Answered
Your Score History
You have not taken this quiz